000 00651nam a2200229Ia 4500
003 OSt
005 20220924123420.0
006 a|||||r|||| 00| 0
007 ta
008 220923b |||||||| |||| 00| 0 mar d
024 _a339334
037 _cTextual
040 _aARTS
_cARTS
_bmar
041 _2mar
_amar
082 _aO155,2NAM:g, N5
100 _aAmrite So.Sandhya Au.
_9192719
245 0 _aAkalkunchvaranchi Natyasrishti
260 _aNagpur
_bVijay prakashan India
_c1995
650 _aMARATHI LITERATURE
_938000
942 _hO155,2NAM:g, N5
_cTEXL
_2CC
999 _c415597
_d415597